[Event "Madurai Athens of the East op-C 4th"]
[Site "Madurai"]
[Date "2024.12.30"]
[Round "8"]
[White "Shawn, Pravin"]
[Black "Vipin, KA."]
[Result "1-0"]
[WhiteElo "1725"]
[BlackElo "1771"]
[PlyCount "110"]
[EventDate "2024.12.28"]
[EventType "swiss"]
[EventRounds "9"]
[EventCountry "IND"]
[SourceTitle "CB02_2025"]
[SourceDate "2025.01.08"]
[SourceVersion "1"]
[SourceVersionDate "2025.01.08"]
[SourceQuality "1"]

1. Nf3 d5 2. c4 e6 3. d4 c6 4. b3 Nf6 5. g3 h6 6. Bg2 Bd6 7. Nbd2 Nbd7 8. Bb2 Qe7 9. Ne5 Bxe5 10. dxe5 Ng4 11. h3 Ngxe5 12. f4 Ng6 13. Qc2 Nf6 14. 0-0-0 Bd7 15. e4 b5 16. f5 Nf8 17. Rhe1 N8h7 18. g4 bxc4 19. bxc4 0-0 20. e5 Ne8 21. Kb1 exf5 22. cxd5 cxd5 23. Bxd5 Rc8 24. Qd3 fxg4 25. Ba3 Bb5 26. Qxh7+ Kxh7 27. Bxe7 Rh8 28. hxg4 Rc7 29. Bd6 Nxd6 30. exd6 Bd3+ 31. Ka1 Rd7 32. Be4+ Bxe4 33. Nxe4 Rhd8 34. Rd2 Kg6 35. Red1 Rc8 36. Rd5 Rc6 37. Nc5 Rd8 38. d7 Rc7 39. Kb2 Kf6 40. Kb3 Ke7 41. Kc4 g6 42. Kd4 Kf8 43. Rh1 Kg7 44. Ke5 Rxc5 45. Rxc5 Rxd7 46. Rh2 Re7+ 47. Kf4 g5+ 48. Kf3 Kg6 49. Rc6+ f6 50. Re2 Rf7 51. Ree6 Rf8 52. Rc7 h5 53. gxh5+ Kxh5 54. Rxa7 Kg6 55. Raa6 Kg7 1-0